| 000 | 00856nam a22002535i 4500 | ||
|---|---|---|---|
| 001 | 176479 | ||
| 003 | ES-MaACL | ||
| 005 | 20240512063038.0 | ||
| 008 | 110118s1973 sp |||| | spa d | ||
| 020 | _a84-306-2062-1 | ||
| 080 | _a821.134.2 Pérez Galdós, Benito | ||
| 080 | _a821.134.2-3.09"18" | ||
| 245 | 0 | 0 |
_aBenito Pérez Galdós / _cedición de Douglass M. Rogers. |
| 260 |
_aMadrid : _bTaurus, _cimp. 1973. |
||
| 300 |
_a485 p. ; _c21 cm. |
||
| 490 | 1 |
_aPersiles ; _v62 _aEl escritor y la crítica |
|
| 504 | _aBibliografía: p. 483-485. | ||
| 600 | 1 | 4 |
_aPérez Galdós, Benito, _d1843-1920- _xCrítica e interpretación _990875 |
| 700 | 1 |
_aRogers, Douglass M. _9144795 |
|
| 830 | 0 |
_aPersiles. _pSerie el escritor y la crítica ; _v62 _9187530 |
|
| 852 |
_aES-MaACL _jE-14082 |
||
| 942 | _2udc | ||
| 999 |
_c176479 _d176479 |
||